| 000 | 00791nam a2200265Ia 4500 | ||
|---|---|---|---|
| 001 | Para_7356 | ||
| 003 | CHAP | ||
| 008 | 220125s9999 xx 000 0 und d | ||
| 010 | _a206244 | ||
| 040 | _cCHAP | ||
| 090 | _aPA R-122 | ||
| 100 |
_aDimock, A. W. _932606 |
||
| 245 |
_aBacterial num disease : _b discovered by Cornell University pathologists; cause black rotting / _c by A.W. Dimock and L.A. McFadden |
||
| 500 | _aSobretiro de: Florists Review, abril 29, 1954 | ||
| 650 |
_aAgalla de la corona _91054 |
||
| 650 |
_aCrisantemo _x enfermedades _928949 |
||
| 700 |
_aMcFadden, L.A. _973506 |
||
| 901 | _aPA R-122 | ||
| 902 | _aA | ||
| 905 | _a000000 0000000000 00 | ||
| 910 | _a | ||
| 942 | _cPARA | ||
| 942 |
_cPARA _d1 |
||
| 999 |
_c206244 _d206244 |
||